France - Communes, homonymies et autres étrangetés - Statistiques

Statistiques générales
  • Ce quiz a été pris 21 fois
  • Le résultat moyen est 7 sur 20
Statistiques - réponses
Question Réponse % Correct
Il existe en France trois villes nommées Moulins dont une est préfecture... de l'Allier
100%
Le nom de cette préfecture est aussi celui d'un chat, d'un peintre, de plusieurs chansons en français et d'un fort aux Etats-Unis, il s'agit de... Toulouse
78%
Dans quelle département se trouve le second Marseille de France ? dans l'Oise
61%
Quel est le résultat de l'opération conistant à additionner les numéros des départements de Sète Foix Quarante Aÿ Troyes 136
50%
Dans ce pays, Versailles voisine avec Lisbonne au Etats-Unis
44%
Laquelle parmi ces préfectures ne porte pas dans son nom celui de la région historique et géographique à laquelle elle appartient ? Lons-le-Saunier
44%
Un village nommé La Rochelle se trouve... en Normandie
33%
La commune préfecture de l'Eure-et-Loir a un homonyme du bout du monde.... aux Malouines
28%
Il existe en France trois villes nommées Moulins dont une est un village... de l'Ille-et-Vilaine
28%
Laons se trouve... en Eure-et-Loir
28%
Dans cet état d'Amérique du nord on trouve Toulon et Marseille, est-ce ? en Illinois
28%
Baerle-leduc en Belgique et Bar-le-Duc en france ne sont pas des... synonymes
28%
Quel Saint-Etienne n'existe pas en France ? une île en Seine-Maritime
22%
Il y a Metz en Lorraine, mais pas... au Canada
17%
Etrangement, on ne retrouve le toponyme Rouen que bien loin de la Normandie où ? en Bulgarie
17%
Cette préfecture du sud, a des homonymes en Espagne, en Italie et au Portugal et plusieurs quasi-homonymes en France mais quel département n'en a pas ? le Lot
17%
Que n'est pas Nantes ? un cours d'eau dans les Antilles néerlandaisses
17%
Où n'y-a-t-il pas de Montpellier ? aux Etats-Unis, dans le Vermont
11%
Outre Rennes, en Ille-et-Vilaine, il n'existe pas en France... Rennes-sur-le-Doubs
11%
Quand ce n'est pas une préfecture française, Chaumont n'est pas non plus... un village du New-Jersey aux EU
11%
Aucun quiz correspondant
Distribution des résultats
% des personnes avec chaque résultat
Percentile par nombre de réponses
Votre historique - résultats
Vous n’avez pas pris ce quiz